Gender in Book Titles Quiz Stats

 Plays Quiz Updated Dec 20, 2017

Challenge
Share
Tweet
Embed
Score 0/50 Timer 06:00
0 Plays Today
Question Answer Wrong Answers
Of Mice And _____
by John Steinbeck
Men
91.9%
Women
0.5%
_____ Of The Flies
by William Golding
Lord
91.9%
Lady
0.7%
The _____ Diaries
by Meg Cabot
Princess
91.8%
Prince
0.7%
The Old _____ And The Sea
by Ernest Hemingway
Man
91.1%
Woman
1.3%
The _____ With The Dragon Tattoo
by Stieg Larsson
Girl
91%
Boy
1.4%
All The King's _____
by Robert Penn Warren
Men
91%
Women
1.4%
Harry Potter And The Half-Blood _____
J. K. Rowling
Prince
91%
Princess
1.5%
The Running _____
by Stephen King (as Richard Bachman)
Man
90.9%
Woman
1.5%
Gone _____
by Gillian Flynn
Girl
90.9%
Boy
1.6%
Three _____ In A Boat
by Jerome K. Jerome
Men
90.6%
Women
1.8%
The Time Traveler's _____
by Audrey Niffenegger
Wife
90.3%
Husband
2.1%
The Diary Of A Young _____
by Anne Frank
Girl
90.1%
Boy
2.4%
The First _____ Club
by Olivia Goldsmith
Wives
89.9%
Husbands
2.5%
_____ Carrie
by Theodore Dreiser
Sister
88.5%
Brother
3.9%
The Talented _____ Ripley
by Patricia Highsmith
Mr
88%
Mrs
4.7%
Invisible _____
by Ralph Ellison
Man
87.9%
Woman
4.6%
The _____ In The Striped Pyjamas
by John Boyne
Boy
87.3%
Girl
5.1%
The _____ Of Tides
by Pat Conroy
Prince
87%
Princess
5.3%
The _____ Karamazov
by Fyodor Dostoevsky
Brothers
87%
Sisters
5.4%
The French Lieutenant's _____
by John Fowles
Woman
86.1%
Man
6.4%
The _____ On The Train
by Paula Hawkins
Girl
86%
Boy
6.5%
_____ Chatterley's Lover
by D. H. Lawrence
Lady
84.9%
Lord
7.6%
Native _____
by Richard Wright
Son
84.5%
Daughter
7.8%
A Portrait Of The Artist As A Young _____
by James Joyce
Man
84.3%
Woman
8.2%
_____ Dalloway
by Virginia Woolf
Mrs
84.1%
Mr
8.4%
The _____ Of The Traveling Pants
by Ann Brashares
Sisterhood
83.5%
Brotherhood
8.9%
Our _____ Of The Flowers
by Jean Genet
Lady
83.3%
Lord
9%
The Little _____
by Antoine de Saint-Exupéry
Prince
81%
Princess
11.5%
The _____
by Niccolò Machiavelli
Prince
80.2%
Princess
12.3%
About A _____
by Nick Hornby
Boy
80.1%
Girl
12.4%
_____ And Lovers
by D.H. Lawrence
Sons
78.5%
Daughters
13.9%
The _____ In White
by Wilkie Collins
Woman
78.4%
Man
14%
The Bonesetter's _____
by Amy Tan
Daughter
77.7%
Son
14.7%
The No. 1 _____ Detective Agency
by Alexander McCall Smith
Ladies'
77.3%
Mens'
15%
An Unsuitable Job For A _____
by P. D. James
Woman
77.3%
Man
15%
The _____ Of The Damned
by Anne Rice
Queen
77.1%
King
15.3%
_____ In Love
by D.H. Lawrence
Women
76.5%
Men
16%
Henderson The Rain _____
by Saul Bellow
King
76.3%
Queen
16.2%
_____ And Sons
by Ivan Turgenev
Fathers
75.9%
Mothers
16.5%
The Portrait Of A _____
by Henry James
Lady
75.3%
Gentleman
17.2%
The Moon Is A Harsh _____
by Robert Heinlein
Mistress
75%
Master
17.4%
The Ginger _____
by J.P. Donleavy
Man
74.9%
Woman
17.4%
The _____ In The High Castle
by Philip K. Dick
Man
74.1%
Woman
18.1%
_____ Dark Materials
by Philip Pullman
His
73.9%
Her
18.5%
The _____ And Margarita
by Mikhail Bulgakov
Master
67.1%
Mistress
25.2%
_____ Palfrey At The Claremont
by Elizabeth Taylor
Mrs
63.8%
Mr
28.4%
My _____ Keeper
by Jodi Picoult
Sister's
59.6%
Brother's
33%
A Little _____
by Frances Hodgson Burnett
Princess
58.9%
Prince
33.5%
The _____ Room
by Marilyn French
Women's
53.8%
Men's
38.6%
_____, Snow, Bird
by Helen Oyeyemi
Boy
38.9%
Girl
53.4%

You're not logged in!

Compare scores with friends on all Sporcle quizzes.
Join for Free
OR
Log In

You Might Also Like...

Show Comments

Extras

Top Quizzes Today


Score Distribution

Your Account Isn't Verified!

In order to create a playlist on Sporcle, you need to verify the email address you used during registration. Go to your Sporcle Settings to finish the process.

Report this User

Report this user for behavior that violates our Community Guidelines.

Details: